V. Cogressus neurologicus Bohemoslovacus nationalis

Bibliographic Details
Format: Book
Language:Undetermined
PhysicalDescription:178 s.
Published: Bratislave Societas neurologica Bohemoslovaca 1967

MARC

LEADER 00000nam a2200000 a 4500
001 vtls001450513
003 SK-MaSNL
005 20260223175828.0
008 210928s1967 xx 0 und
035 |a SNK000405806 
040 |a SNK  |b slo  |c SNK  |e AACR2 
245 1 |a V. Cogressus neurologicus Bohemoslovacus nationalis 
260 |a Bratislave  |b Societas neurologica Bohemoslovaca  |c 1967 
300 |a 178 s. 
958 |a OND 
999 |c 643145  |d 645075 
952 |a SNK  |b SNK  |y PREZ  |7 0  |p 17A0848157  |o snkSD 32790  |0 0  |1 0  |4 0  |d 2013-08-08  |l 0  |r 2026-02-23 17:58:28  |w 2026-02-23 
952 |t P60, <03>, [BOOK], {603}  |a SNK  |b SNK  |y PREZ  |7 0  |o snkSD 32790  |0 0  |1 0  |4 0  |d 2003-02-28  |l 0  |r 2005-01-02 00:00:00  |w 2026-02-23 
952 |t P60, <04>, [BOOK], {604}  |a SNK  |b SNK  |y VYP  |7 0  |p 17A0376064  |o snkSD 32790 D1  |0 0  |1 0  |4 0  |d 2003-02-28  |l 0  |r 2005-01-02 00:00:00  |w 2026-02-23